| 000 | 00492nam a2200145 4500 | ||
|---|---|---|---|
| 001 | 132691 | ||
| 003 | ES-MaACL | ||
| 005 | 20230906194228.0 | ||
| 007 | t| | ||
| 008 | 070214s1921 sp r ||||1| spa d | ||
| 100 | 1 |
_aRomeo Lozano, Aurelio. _999283 |
|
| 245 | 1 | 0 |
_aSobre las meningococias en la infancia _b: ( estudio basado en la observación personal de catorce casos) / _cAurelio Romeo Lozano. |
| 260 |
_aMadrid : _b[s.n.], _c1921 ( _fImp. Gráf. Universal) |
||
| 852 |
_aES-MaACL _j1606-F-11 |
||
| 999 |
_c132691 _d132691 |
||